| 000 | 00000nam##2200000za#4500 |
| 001 | 9.570989 |
| 003 | CaOODSP |
| 005 | 20210624182515 |
| 007 | cr ||||||||||| |
| 008 | 150406|2007||||xxc|||||o f|0| 0 eng|d |
| 040 | |aCaOODSP|beng |
| 043 | |an-cn--- |
| 086 | 1 |aYC23-0/391-12E-PDF |
| 110 | 1 |aCanada. |bParliament. |bSenate. |bStanding Committee on Foreign Affairs and International Trade. |
| 245 | 14|aThe evacuation of Canadians from Lebanon in July 2006 : |h[electronic resource]|bimplications for the Government of Canada / |cThe Honourable Senator Consiglio Di Nino, chair ; the Honourable Senator Peter A. Stollery, deputy chair |
| 260 | |aOttawa - Ontario : |bSenate. |cMay 2007. |
| 300 | |a29p.|breferences, tables |
| 490 | 1 |aReport of the Standing Senate Committee on Foreign Affairs and International Trade|v[39th Parliament, 1st Session, 12th report] |
| 590 | |a11-12-Supp|b2011-07-29 |
| 775 | 08|tL'évacuation de canadiens du Liban en juillet 2006 : |w(CaOODSP)9.601632 |
| 830 | #0|aReport of the Standing Senate Committee on Foreign Affairs and International Trade ;|v[39th Parliament, 1st Session, 12th report]|w(CaOODSP)9.505254 |
| 856 | 40|ahttp://publications.gc.ca|qPDF|s158 KB|uhttps://publications.gc.ca/collections/collection_2011/sen/yc23-0/YC23-0-391-12-eng.pdf|y[39th Parliament, 1st Session, 12th report] |